01864nam a22004097a 4500003000500000005001700005008004100022010001100063011001100074035001100085040000900096090001000105100004600115245020300161260004000364500006000404502008500464590003700549590004100586590004100627590004100668590004100709590004100750590003700791590004200828650004300870650003000913856006400943856001601007901000701023942000901030949005801039949006301097999001901160952014001179952013501319CHAP20220329143922.0230812s2012 mx r 00010 spa d a103722 a104694 a115384 cCHAP aTesis1 aCarreón Martínez, Juan Carlos.91938210aEstudio de factibilidad técnico económica para la instalación de una planta productora de huevo para plato en Xicotepec de Juárez, Pueblah[En línea]c/por Juan Carlos Carreón Martínez aChapingo, Méx. :bEl autor,c2012 aPara ver el contenido del material haga clic en la liga aTesis (Ing. Agroindustrial) -- UACH. Departamento de Ingeniería Agroindustrial aALEPHb10c20130110lUCH01h1546 aBATCH-UPDb10c20130110lUCH01h0856 aBATCH-UPDb10c20130410lUCH01h0526 aBATCH-UPDb10c20130914lUCH01h0852 aBATCH-UPDb10c20140324lUCH01h1532 aBATCH-UPDb10c20141002lUCH01h0854 aBATCHb00c20181121lUCH01h0759 aCONVERSIONb10c20130109lUCH01h135704aHuevosxCostos de producción.95674604aHuevosxIndustria.956748 3Finding aiduhttp://10.13.5.2/tesis/115384.pdfzTeclea aqui a1 n0001309 aBK cFOLL aTesisbBCcTESd33724002346819eTS1h53786i115384st aTesisbBCcTESd33724002346850eTS2fc.2h53787i115384st c103722d103722 00102local4053708TESISaBCbBCcPA_TESISd2019-12-31fTESISl0oTesisp33724002346850r2019-12-31 00:00:00tc.2w2019-12-31yTESIS 00102local4051708TESISaBCbBCcPA_TESISd2019-12-31fTESISl0oTesisp33724002346819r2019-12-31 00:00:00w2019-12-31yTESIS